Réponds aux questions sur le tême d'Harry Potter. - Statistiques

Statistiques générales
  • Ce quiz a été pris 40 fois
    12 depuis la dernière actualisation
  • Le résultat moyen est 14 sur 19
Statistiques - réponses
réponses % Correct
Comment s'appelle le père de Ron ? Arthur Weasley
100%
Qui est mort lors de la dernière épreuve du tournoi des trois sorciers? Cedric Diggory
100%
Qui a écrit les livres de la saga? J.K Rowling
100%
Qui est le père de Drago Malfoy ? Lucius Malfoy
100%
Qui a tué les parents de Harry ? Voldemort
100%
Comment s'appelle la carte qui permet de voir ou sont les gens dans poudlard ? La carte du maraudeur
89%
Qui est la dirigente de gryffondor ? Minerva Macgonagall
89%
Qui est le parain d'Harry Potter? Sirius Black
89%
Avec qui Hermione va-t-elle au bal de noël dans le numéro 4? Viktor Krum
89%
Quel est le prénom de Maugrey ? Alastor
78%
Quel métier exerce les parents de Hermione ? Dentiste
78%
Quel est le nom de famille de Hermione ? Granger
78%
Comment s'appelle la maison des weasley? Le terrier
78%
Comment s'appelle le plus grand des frères Weasley? Bill Weasley
67%
Comment s'appelle le premier livre de la saga ? Harry Potter à l'école des sorciers
67%
Comment s'appelle le tome 5 de la saga? L'ordre du phénix
44%
Qui a tué Cedric Diggory ? Peter Petigrow
44%
Où se rencontre Harry, Ron et Hermione? Dans le poudlard express.
22%
Quel est le sort pour ouvrir cette carte ? "Je jure solennellement que mes intentions son mauvaises"
0%
Aucun quiz correspondant
Distribution des résultats
% des personnes avec chaque résultat
Percentile par nombre de réponses
Votre historique - résultats
Vous n’avez pas pris ce quiz depuis la dernière actualisation